00241nam a2200097Ia 4500008004100000100000900041245004500050260002600095942000700121999001500128190216s9999||||xx |||||||||||||| ||und|| aNull 0aCultivation Of Onion And Garlic In India bAgricultural Research cBK c1920d1920